00429nam a22001577a 450000500170000001000150001702000260003203500140005803700130007208200100008510000150009524500460011026000330015627000620018930000200025120220509151949.0 aENG-132568 a9788190042238c495.00 aEN-116100 bDBAD/PUB a954.4 aSharma,M.L aHistory of The Jaipur State/cM.L. Sharma aJodhpurbBook Treasurec2012 aOutside Sojati Gate, B/H Agra Sweet HomebJodhpure342001 a272pc22cm(hbk)